Instrucciones a los expositores agrícolas sobre la manera de remitir sus productos
Descripción Física:
1 díptic ; 27 cm
MARC
| LEADER | 00000nam a2200000Ia 4500 | ||
|---|---|---|---|
| 001 | 16198 | ||
| 008 | 160829s1888 xx 000 0 cat d | ||
| 080 | |a RF-13-29 | ||
| 100 | |a Exposició Universal de Barcelona (1888) | ||
| 245 | |a Instrucciones a los expositores agrícolas sobre la manera de remitir sus productos | ||
| 260 | |a Barcelona : |b (Imp. Barcelonesa), |c 1888 | ||
| 300 | |a 1 díptic ; |c 27 cm | ||
| 590 | |a Prové de 1403, exp. 2. | ||
| 590 | |a També inclou: Instrucciones referentes al certamen de vinos y aceites | ||
| 611 | 2 | 0 | |a Exposició Universal de Barcelona |d (1887-1888 : |c Barcelona, Catalunya) |x Estatuts |9 55062 |
| 856 | 4 | |u https://media.diba.cat/diba/fitxers/arxiu/fulletons/bib_16198_1888_baixa.pdf |y Accés lliure | |
| 856 | 4 | |u https://media.diba.cat/diba/fitxers/arxiu/fulletons/bib_16198_1888_baixa.pdf |y Accés lliure | |
| 901 | |a Arxiu | ||
| 942 | |n 1 |2 udc | ||
| 952 | |0 0 |1 0 |4 0 |6 RF1329 |7 1 |9 53579 |a Arxiu |b Arxiu |d 2016-12-01 |l 0 |o RF-13-29 |p 16198 |r 2016-12-01 00:00:00 |w 2016-12-01 |y ARXIU | ||
| 999 | |c 57445 |d 57445 | ||
| 900 | |a bib_16198_1888_baixa.pdf | ||